Alegría humana y alegría cristiana / (Record no. 56567)

MARC details
000 -LEADER
campo de control de longitud fija 00531nam a2200169 i 4500
001 - NÚMERO DE CONTROL
campo de control 56567
003 - IDENTIFICADOR DE NÚMERO DE CONTROL
campo de control ES-MaACL
005 - FECHA Y HORA DE LA ÚLTIMA TRANSACCIÓN
campo de control 20230906163413.0
007 - CAMPO FIJO DE DESCRIPCIÓN FÍSICA--INFORMACIÓN GENERAL
campo de control de longitud fija t|
008 - DATOS DE LONGITUD FIJA--INFORMACIÓN GENERAL
campo de control de longitud fija 031010s1967 sp ||||1| spa d
100 1# - ENTRADA PRINCIPAL--NOMBRE DE PERSONA
Nombre de persona Dillenschneider, Clément.
9 (RLIN) 44814
245 10 - MENCIÓN DEL TÍTULO
Título Alegría humana y alegría cristiana /
Mención de responsabilidad, etc. Clément Dillenschneider ; [tradujo Alfonso Ortiz García].
260 ## - PUBLICACIÓN, DISTRIBUCIÓN, ETC.
Lugar de publicación, distribución, etc. Salamanca :
Nombre del editor, distribuidor, etc. Sígueme,
Fecha de publicación, distribución, etc. 1967.
300 ## - DESCRIPCIÓN FÍSICA
Extensión 206 p. ;
Dimensiones 19 cm.
700 1# - ENTRADA AGREGADA--NOMBRE PERSONAL
Nombre de persona Ortiz García, Alfonso.
9 (RLIN) 87618
852 ## - LOCALIZACIÓN
Ubicación ES-MaACL
Número de control de estantería C-33649
Sublocalización o colección R.64592
Holdings
Estatus retirado Estado de pérdida Estado de daño No para préstamo Biblioteca de origen Biblioteca actual Ubicación en estantería Fecha de adquisición Fuente de adquisición Total de préstamos Signatura topográfica completa Código de barras Visto por última vez Precio de reemplazo Tipo de ítem Koha
        Biblioteca del Ateneo de Madrid Biblioteca del Ateneo de Madrid Depósito 2 17/01/2008     C-33649 1059407 23/02/2023 23/02/2023 Libro impreso